000 00382nam a22001457a 4500
005 20200606132211.0
008 200606b xxu||||| |||| 00| 0 eng d
082 _a345.4
110 _aALL INDIA REPORTER
_95793
245 _aALL INDIA REPORTER 1997 (V-84) SUPREME COURT SECTION
260 _bALL INDIA REPORTER PVT. LTD.
300 _a2640;p
650 _aLAW
_95701
942 _cJRL
999 _c6861
_d6859